Quizzes
Events
Quiz Creation
Community
Videos
Private Events
Remove Ads
Sign In
Join for FREE
Feedback
Dark Mode
Quiz Categories
Sports
Geography
Music
Movies
Television
Just For Fun
Miscellaneous
History
Literature
Language
Science
Gaming
Entertainment
Religion
Holiday
For Kids
Quiz Lab
Recent
Popular Today
Quiz Kudos Today
Editor Picks
Curator Picks
Quizzes by...
Day
Popularity
Type
Ratings
Length
Year
Community
Subscriptions
Recent Discussions
Orange Saloon
Badges
Playlists
Quests
Create
Leaderboards
Showdown
Live 5
Trivia Bingo
Activity
Puzzle Library
Sporcle Events
Private Events
Virtual Trivia
Globe League
Become a Host
Pub Owners
SporcleCon
Opinionation
Our Games
Videos
Blog
Mobile Apps
Partnerships
Remove Ads and Go Orange
Feedback
Just For Fun
Clickable
Get the Picture
Humor
Quick Pick
Word Ladder
Missing Word
Mixed Word
Blitz
Minefield
This or That
Alphabet
Color
Typing
Sporcle
Puzzle
Word Play
Follow That Line
Logic
Just For Fun
Clickable
Get the Picture
Humor
Quick Pick
Word Ladder
Missing Word
Mixed Word
Blitz
Minefield
This or That
Alphabet
Color
Typing
Sporcle
Puzzle
Word Play
Follow That Line
Logic
Random Quiz
Search Sporcle
×
Curator Pick
Curator Pick
Just For Fun
Golf
Select answers by clicking on text or image buttons
Select answers by clicking on text or image buttons
Clickable
Best Score? Go Orange.
Mixed Word: Clickable Sports Stats
Can you pick the clickable sports, games and sporting activities that have been scrambled?
By
Toby123
60s
28 Questions
31.2K Plays
31,210 Plays
31,210 Plays
Comments
Comments
Give Quiz Kudos
Give Quiz Kudos
-
- Ratings
hide this ad
Forced Order
Answers have to be entered in order
Answers have to be entered in order
Replay
Link that replays current quiz
Next Quiz
Link to next quiz in quiz playlist
You Got
0%
They Got
Avg Score
74%
Avg Friend Score
Upgrade to see
Score Distribution
Jump to the score distribution portion of the page
Score
0/28
Timer
01:00
1
Play Today
% Correct
RUGBY
78.6%
SQUASH
78.5%
GOLF
78.4%
BOXING
78.4%
DARTS
78.2%
BADMINTON
78.1%
SURFING
78%
BASKETBALL
77.9%
SNOWBOARDING
77.8%
BASEBALL
77.5%
POLO
77.4%
SWIMMING
77.3%
CRICKET
77.3%
SKIING
77.2%
% Correct
FOOTBALL
76.8%
SOCCER
76.8%
TABLE TENNIS
76.3%
ROWING
75.9%
CYCLING
75.9%
GYMNASTICS
75.5%
HOCKEY
74.6%
TENNIS
74.5%
HANDBALL
72.9%
CURLING
72.6%
SNOOKER
72.4%
RUNNING
70.6%
SHOOTING
67.7%
CANOEING
58.7%
Quiz Playlist
Details
Report
Send in Message
Add To Playlist
Clickable:
Select answers by clicking on text or image buttons
Forced Order:
Answers have to be entered in order
Last Updated: Jan 1, 2019
Curator Pick in
Mixed Word
Quiz Scoreboard
CHALLENGE
Sign Up to Join the Scoreboard
Show All
Scores
Hide
Comments
May contain spoilers
Recently Published
Billboard Blitz: Fleetwood Mac
by CooCooCachoo
Music
15s
Presidents Visiting Landmarks
by Hejman
History
7m
An Introduction to Baseball
by treessimontrees
Sports
5m
More to Explore
Quiz From the Vault
Featured Blog Post
Where Did the Easter Bunny Come From?
hide this ad
You Might Also Like...
Tags
Baseball Quiz
Basketball Quiz
Clickable Quiz
Cricket Quiz
Golf Quiz
Mixed Word Quiz
NBA Quiz
Rugby Quiz
Tennis Quiz
Mixed
scramble
Squash
Today's Top Quizzes in Just For Fun
Browse Just For Fun
hide this ad
Today's Top Quizzes in Golf
Browse Golf
Top Contributed Quizzes in Just For Fun
1
Killer Double Trees 224 - Colour Match-Up
2
Spring Typing Challenge
3
Crossword Whiteout! 49
4
Zeroing In: Just For Fun
5
Harry Potter Logic - 'In Chains' II
6
Survivor Winners Logic Puzzle
7
Word Ladder: Ahoy Matey
8
Kyle's 122nd Triple Trees
9
Word Ladder: Wilderness Weapon
10
Edinburgh Fringe jokes 2015
Explore More
Trending Topics
NBA
Marvel
Anime
Kpop
Crossword
Disney
Harry Potter
Pokémon
Soccer
Country
WWE
NFL
Song
Puzzle
The Office
hide this ad
More By:
Toby123
Quiz
Plays
Rating
Category
Featured
Created
Plagues of Egypt (Redux)
219,999
4.28
Religion
Apr 2, 2012
Grated 'Cheese'
171,243
3.91
Just For Fun
Oct 29, 2012
'V', 'Y', and 'Z' Countries
144,666
4.53
Geography
Nov 29, 2012
Premier League Stadium Match
107,723
4.48
Sports
Apr 14, 2012
60 Second Blitz: English Premier League Teams
104,326
3.72
Sports
Sep 9, 2012
Go to Creator's Profile
Score Distribution
Quiz Creator Spotlight
Toby123
Follow
Send a Message
Quizzes Created
-
Created Quiz Play Count
-
More By This Creator
Popular Quizzes Today
1
Find the US States - No Outlines Minefield
2
Find the Countries of Europe - No Outlines Minefield
3
The Countries of the World
4
Find the US States
5
Risky Map Clicking: Biggest States A-Z
6
US States
7
Popular People in 1961
8
Movies - When Are They Set?
More Just For Fun Quizzes
Quick Pick: Zig Zag Flags
Published
Trending Quizzes
Risky Map Clicking: Least Populous States A-Z
1-10 Letter G Words
1-10 Letter F Words
Risky Map Clicking: Next State Alphabetically
Click the Washington State Counties! (Map)
Recently Updated
Leaping Animals
pecheneg
Reality TV Shows (A-Z)
bhenderson79
Rickey Henderson's Hall of Fame Teammates
pecheneg
Champions League XIs: Arsenal
pecheneg
Quick Pick: Celebrities in WWE's Hall of Fame
aduchscher
A-Z Keypad Blitz II
pecheneg
Multiple Oscar Actors
pecheneg
Mystery Phrase Blitz: Oscar 'Best Actors'
pecheneg
F. Scott Fitzgerald Novels
LTH
Pick 3 Villains
ddd62291
Trending Topics
Crossword
Harry Potter
Anime
Marvel
Disney
Kpop
NBA
Soccer
Pokémon
NFL
Country
Puzzle
The Office
WWE
Song
Your Account Isn't Verified!
In order to create a playlist on Sporcle, you need to verify the email address you used during registration. Go to your
Sporcle Settings
to finish the process.
Report this User
Report this user for behavior that violates our
Community Guidelines
.
Details:
Send Report
Go to the Sporcle.com Mobile Site →
Comments